LEADER 01425nam a2200277 i 4500 001 000000080888 003 CaOOAMICUS 005 20180202000000.0 008 180202s1892 it u000 u ita u 013 $a53126 040 $aSeMil$bita 100 1 $aMarcellino : da Vezzano.$0(OLS)http://semarc/name/91544 245 10$aCristoforo Colombo e la scoperta dell'America presentati al popolo italiano /$cper fr. Marcellino da Vezzano ; con prefazione storico-critica dei pp. M. da Civezza e T. Domenichelli. 260 $aRoma :$bDesclée, Lefebvre e C.,$c1892. 300 $aXXIV, 159 p. :$bill. ;$c23 cm. 500 $aLe ultime 8 p. contengono la lettera enciclica di papa Leone XIII intorno a Cristoforo Colombo. 650 4$aColombo, Cristoforo <1451-1506> - Scoperta dell'America.$0(OLS)http://semarc/subject/25691 700 1 $aMarcellino : da Civezza.$0(OLS)http://semarc/name/12250 700 1 $aDomenichelli, Teofilo.$0(OLS)http://semarc/name/39677 700 0 $aLeo XIII,$c.$0(OLS)http://semarc/name/553 850 $aSeMil 852 $aSeMil$W1$xVenegono$y1$m3T IV 23 FA$j46257$B46257$CSeMilBibl$Z2$F48485 $8I 900 0 $aLeone XIII$c. 996 $6245$aCristoforo Colombo e la scoperta dell'America presentati al popolo italiano$9(OLS)http://semarc/title/404216 996 $6260$aRoma :$bDesclée, Lefebvre e C.$9(OLS)http://semarc/publisher/29735 LEADER 01033nam a2200229 i 4500 001 000000209230 003 CaOOAMICUS 005 20111210000000.0 008 111210s1943 it u000 u ita u 013 $a188019 040 $aSeMil$bita 100 1 $aPaschini, Pio .$0(OLS)http://semarc/name/5184 245 10$aDomenico Grimani :$bcardinale di S. Marco (+1523) /$cPio Paschini. 260 $aRoma :$bEdizioni di Storia e Letteratura,$c1943. 300 $aVIII, 160 p., [3] p. di tav. ;$c26 cm. 490 0 $aStoria e letteratura : raccolta di studi e testi ;$v4 650 4$aGrimani, Domenico .$0(OLS)http://semarc/subject/39320 830 0$aStoria e letteratura ;$v4.$0(OLS)http://semarc/title/420 850 $aSeMil 852 $aSeMil$W1$xVenegono$y1$m3T V 4$j159681$B159681$CSeMilBibl$Z2$F170732 $81 996 $6245$aDomenico Grimani :$bcardinale di S. Marco (+1523)$9(OLS)http://semarc/title/302446 996 $6260$aRoma :$bEdizioni di Storia e Letteratura$9(OLS)http://semarc/publisher/29779